000 00286nam a2200109Ia 4500
008 190216s9999||||xx |||||||||||||| ||und||
100 _aGupta R L & Guptaq V K
245 0 _aPrinciples And Practice Of Accountancy
260 _bSulthan Chand&Sons
_c1993
300 _a738p
942 _cBK
999 _c4891
_d4891